Structure and architecture / (Record no. 608538)

000 -LEADER
fixed length control field 01315cam a2200361 i 4500
001 - CONTROL NUMBER
control field 20251734
003 - CONTROL NUMBER IDENTIFIER
control field NUST
005 - DATE AND TIME OF LATEST TRANSACTION
control field 20240304124342.0
008 - FIXED-LENGTH DATA ELEMENTS--GENERAL INFORMATION
fixed length control field 180108t20192019nyua b 001 0 eng
010 ## - LIBRARY OF CONGRESS CONTROL NUMBER
LC control number 2018000717
020 ## - INTERNATIONAL STANDARD BOOK NUMBER
International Standard Book Number 9781138629226
Qualifying information (hardback)
020 ## - INTERNATIONAL STANDARD BOOK NUMBER
International Standard Book Number 9781138629240
Qualifying information (pbk.)
020 ## - INTERNATIONAL STANDARD BOOK NUMBER
Canceled/invalid ISBN 9781315210513
Qualifying information (ebook)
040 ## - CATALOGING SOURCE
Original cataloging agency DLC
Language of cataloging eng
Transcribing agency DLC
Description conventions rda
Modifying agency DLC
042 ## - AUTHENTICATION CODE
Authentication code pcc
050 00 - LIBRARY OF CONGRESS CALL NUMBER
Classification number TA658.2
Item number .M32 2019
082 00 - DEWEY DECIMAL CLASSIFICATION NUMBER
Classification number 624.177
Edition number 23
Author Mark MAC
100 1# - MAIN ENTRY--PERSONAL NAME
Personal name Macdonald, Angus,
Dates associated with a name 1945-
Relator term author.
9 (RLIN) 121798
245 10 - TITLE STATEMENT
Title Structure and architecture /
Statement of responsibility, etc. Angus J. Macdonald.
250 ## - EDITION STATEMENT
Edition statement Third edition.
264 #1 - PRODUCTION, PUBLICATION, DISTRIBUTION, MANUFACTURE, AND COPYRIGHT NOTICE
Place of production, publication, distribution, manufacture Abingdon, Oxon ;
Date of production, publication, distribution, manufacture, or copyright notice New York :
Name of producer, publisher, distributor, manufacturer Routledge, Taylor & Francis Group,
Date of production, publication, distribution, manufacture, or copyright notice 2019.
264 #4 - PRODUCTION, PUBLICATION, DISTRIBUTION, MANUFACTURE, AND COPYRIGHT NOTICE
Date of production, publication, distribution, manufacture, or copyright notice ©2019
300 ## - PHYSICAL DESCRIPTION
Extent vii, 350 pages :
Other physical details illustrations ( some color) ;
Dimensions 26 cm
336 ## - CONTENT TYPE
Content type term text
Content type code txt
Source rdacontent
337 ## - MEDIA TYPE
Media type term unmediated
Media type code n
Source rdamedia
338 ## - CARRIER TYPE
Carrier type term volume
Carrier type code nc
Source rdacarrier
504 ## - BIBLIOGRAPHY, ETC. NOTE
Bibliography, etc. note Includes bibliographical references (pages 345-346) and index.
650 #0 - SUBJECT ADDED ENTRY--TOPICAL TERM
Topical term or geographic name entry element Structural design.
650 #0 - SUBJECT ADDED ENTRY--TOPICAL TERM
Topical term or geographic name entry element Architectural design.
9 (RLIN) 31720
906 ## - LOCAL DATA ELEMENT F, LDF (RLIN)
a 7
b cbc
c orignew
d 1
e ecip
f 20
g y-gencatlg
942 ## - ADDED ENTRY ELEMENTS (KOHA)
Source of classification or shelving scheme
Koha item type Book
Holdings
Withdrawn status Lost status Source of classification or shelving scheme Damaged status Not for loan Permanent Location Current Location Date acquired Source of acquisition Full call number Barcode Date last seen Copy number Cost, replacement price Price effective from Koha item type Total Checkouts
          School of Art Design and Architecture (SADA) School of Art Design and Architecture (SADA) 05/27/2021 Allied Book 624.177 MAC 2019 SADA0002881 03/04/2024 01 7332.47 03/04/2024 Book  
          School of Art Design and Architecture (SADA) School of Art Design and Architecture (SADA) 09/15/2021 Photocopy 624.177 MAC 2019 SADA0002899 03/04/2024 02 1018.00 03/04/2024 Book  
          School of Art Design and Architecture (SADA) School of Art Design and Architecture (SADA) 09/15/2021 Photocopy 624.177 MAC 2019 SADA0002900 03/04/2024 03 1018.00 03/04/2024 Book  
© 2023 Central Library, National University of Sciences and Technology. All Rights Reserved.